| 000 | 00575nam a2200205Ia 4500 | ||
|---|---|---|---|
| 005 | 20250923145151.0 | ||
| 008 | 008 250917s9999 xx 000 0 eng d | ||
| 037 | _aTextual | ||
| 040 |
_aDSWL _beng _cDSWL |
||
| 041 |
_aeng _2eng |
||
| 084 |
_aL:4p1,N67, N67 _qDSWL |
||
| 245 | 0 |
_aHealth of Mankind _cEd. by G. Wolstenholme |
|
| 260 |
_aLondon _bJ.& A. Churchill Ltd. _c1967 |
||
| 300 | _axxi,xixx,480p. | ||
| 365 |
_aINR _b20 |
||
| 700 |
_aM. Oconnor _9832458 |
||
| 925 | _g20 | ||
| 942 |
_cTEXL _hL:4p1,N67, N67 |
||
| 999 |
_c1447978 _d1447978 |
||